LEADER 00835nam a2200217 i 4500 001 000000155652 003 CaOOAMICUS 005 20061116000000.0 008 061116s1936 it u000 u ita u 013 $a133006 040 $aSeMil$bita 100 1 $aTrucchi, Ernesto.$0(OLS)http://semarc/name/7746 245 10$aParadiso. 300 $a571 p. 650 4$aAlighieri, Dante <1265-1321> . Divina Commedia . Paradiso.$0(OLS)http://semarc/subject/28996 700 1 $aAlighieri, Dante,$d<1265-1321>.$0(OLS)http://semarc/name/453 773 0 $aAlighieri, Dante <1265-1321>$tEsposizione della Divina Commedia.$dMilano : Toffaloni, 1936.$w()16847 850 $aSeMil 852 $aSeMil$W1$xVenegono$y1$m1E I 53$j107483$B107483$CSeMilBibl$Z2$F116960 $81 961 $aRecupero: Altro 996 $6245$aParadiso$9(OLS)http://semarc/title/120435 LEADER 00918nam a2200229 i 4500 001 000000071118 003 CaOOAMICUS 005 20081014000000.0 008 081014s1964 fr u000 u fre u 013 $a42290 040 $aSeMil$bita 100 1 $aVerneaux, Roger,$d<1906-1997>.$0(OLS)http://semarc/name/34137 245 10$aLeçons sur l'athéisme contemporain /$cRoger Verneaux. 260 $aParis :$bP. Téqui,$cdep. leg. 1964. 300 $a107 p. ;$c23 cm. 490 0 $aCours et documents de philosophie 650 4$aAteismo.$0(OLS)http://semarc/subject/2022 830 0$aCours et documents de philosophie.$0(OLS)http://semarc/title/18495 850 $aSeMil 852 $aSeMil$W1$xVenegono$y1$m2P III 321$j37271$B37271$CSeMilBibl$Z2$F37274 $81 996 $6245$aLeçons sur l'athéisme contemporain$9(OLS)http://semarc/title/114329 996 $6260$aParis :$bP. Téqui$9(OLS)http://semarc/publisher/33769